| 000 | 00845nam a22002177a 4500 | ||
|---|---|---|---|
| 003 | OSt | ||
| 005 | 20150408114039.0 | ||
| 008 | 120527s2011 ua a g b 00| 0 ara d | ||
| 020 | _a977052758 | ||
| 040 | _cMU | ||
| 082 | 0 | 4 |
_221 _a155.45 _bق ع س |
| 100 | 1 |
_aالقريطي، عبد المطلب أمين. _914982 |
|
| 245 | 1 | 0 |
_aسيكولوجية ذوى الاحتياجات الخاصة وتربيتهم / _cعبد المطلب أمين القريطي. |
| 250 | _aط. 5. | ||
| 260 |
_aالقاهرة : _bمكتبة الأنجلو المصرية، _c2011. |
||
| 300 |
_a656 ص. : _bأشكال، جداول _c24 سم. |
||
| 504 | _aببليوجرافية : ص. 623-656. | ||
| 650 | 4 |
_aالأطفال المعوقون _xعلم نفس. _914983 |
|
| 650 | 4 |
_aالأطفال المعوقون _xرعاية وعلاج. _914984 |
|
| 942 |
_2ddc _cDVD |
||
| 999 |
_c23707 _d258207 |
||